• 首页
  • 本馆介绍
  • 公告通知
  • 最新文献
  • 馆藏检索
  • 电子资源
  • 读者导购
  • 参考咨询
  • 我的图书馆
  • 登录
  • 详细信息显示
  • 放入我的书架
  • 预约/预借图书
  • 作者相关作品
  • 分类相关作品
  • 丛书相关作品
  • 出版社相关作品

书目信息

  • 表格格式
  • 工作单格式
  • 卡片格式
题名:
诗画中国梦
    
 
作者: 一清 著
分册:  
出版信息: 北京   红旗出版社  2013.10
页数: 205页
开本: 24cm
丛书名:
单 册:
中图分类: I227 , J121
科图分类:
主题词: 诗集--中国--当代 , 艺术--作品集--中国--现代 , 诗集 , 艺术
电子资源:
ISBN: 978-7-5051-2825-5
000 00899nam0 2200301 450
001 0120131140117
005 20140610112612.25
010    @a978-7-5051-2825-5@dCNY48.00
100    @a20130930d2013 em y0chiy0110 ea
101 0  @achi
102    @aCN@b110000
105    @aa z 000zy
106    @ar
200 1  @a诗画中国梦@9shi hua zhong guo meng@f一清著
210    @a北京@c红旗出版社@d2013.10
215    @a205页@d24cm
300    @a由大行天下文化传媒支持出版
330    @a本书主要内容包括:中国梦 我的梦、中国好棋、中华圆梦 万马奔腾、华夏圆梦 天下归心、中国梦 春意浓、中国 向上、中国梦 就是咱的好日子等。
333    @a诗歌爱好者
606 0  @a诗集@y中国@z当代
606 0  @a艺术@x作品集@y中国@z现代
606 0  @a诗集
606 0  @a艺术
690    @aI227@v5
690    @aJ121@v5
701  0 @a一清@9yi qing@4著
801  0 @aCN@b人天书店@c20130930
905    @b846449-51@dI227@e358@f3
    
    诗画中国梦/一清著.-北京:红旗出版社,2013.10
    205页;24cm
    由大行天下文化传媒支持出版.-使用对象:诗歌爱好者
    
    ISBN 978-7-5051-2825-5:CNY48.00
    本书主要内容包括:中国梦 我的梦、中国好棋、中华圆梦 万马奔腾、华夏圆梦 天下归心、中国梦 春意浓、中国 向上、中国梦 就是咱的好日子等。
●
相关链接 在E读中查询图书 在五车中查询图书 在当当中查询图书 在豆瓣中查询图书


正题名:诗画中国梦     索取号:I227/358         预约/预借

序号 登录号 条形码 馆藏地/架位号 状态 备注
1 846449   208464491   第一样本阅览室/ [索取号:I227/358] 在馆    
2 846450   208464507   第二借阅区/ [索取号:I227/358] 在馆    
3 846451   208464516   第二借阅区/ [索取号:I227/358] 在馆    
唐山师范学院图书馆 欢迎您!
大连网信软件有限公司© 版权所有